[Event "POL-chT U20 1st League"]
[Site "Chotowa"]
[Date "2025.06.21"]
[Round "8.7"]
[White "Szymkiewicz, Witold"]
[Black "Duda, Szymon"]
[Result "0-1"]
[WhiteElo "2075"]
[BlackElo "1987"]
[PlyCount "116"]
[EventDate "2025.06.14"]
[EventType "team-swiss"]
[EventRounds "9"]
[EventCountry "POL"]
[SourceTitle "CB26_2025"]
[SourceDate "2025.06.25"]
[SourceVersion "1"]
[SourceVersionDate "2025.06.25"]
[SourceQuality "1"]
[WhiteTeam "Czternastka Warszawa II"]
[BlackTeam "Wieliczka MOS"]
[WhiteTeamCountry "POL"]
[BlackTeamCountry "POL"]

1. d4 Nf6 2. c4 g6 3. Nc3 Bg7 4. e4 d6 5. h3 0-0 6. Be3 e5 7. d5 a5 8. g4 Na6 9. Bd3 Nc5 10. Bc2 c6 11. Qd2 cxd5 12. exd5 Nfd7 13. Nge2 e4 14. Bd4 Ne5 15. Bxe5 Bxe5 16. Bxe4 Qh4 17. Bf3 f5 18. 0-0-0 Bd7 19. Kb1 Qxf2 20. Rdf1 Qh4 21. Nd4 Rae8 22. Nce2 Qd8 23. gxf5 Bxf5+ 24. Nxf5 Rxf5 25. Nd4 Bxd4 26. Qxd4 Ref8 27. Be2 Qf6 28. Qxf6 R5xf6 29. Kc2 Rf2 30. Kd2 Ne4+ 31. Ke3 Rxe2+ 32. Kxe2 Ng3+ 33. Ke1 Nxf1 34. Rxf1 Rxf1+ 35. Kxf1 Kf7 36. Kf2 Kf6 37. b3 Ke5 38. Ke3 g5 39. Kf3 h5 40. Ke3 b6 41. Kd3 a4 42. Ke3 axb3 43. axb3 g4 44. h4 b5 45. Kd3 bxc4+ 46. bxc4 g3 47. Ke3 g2 48. Kf2 Kd4 49. Kxg2 Kxc4 50. Kf3 Kxd5 51. Kf4 Kc4 52. Kg5 d5 53. Kxh5 d4 54. Kg6 d3 55. h5 d2 56. h6 d1Q 57. h7 Qa1 58. Kf7 Qh8 0-1

[Event "POL-chT U20 1st League"]
[Site "Chotowa"]
[Date "2025.06.20"]
[Round "7.7"]
[White "Dylong, Antoni"]
[Black "Szymkiewicz, Witold"]
[Result "1/2-1/2"]
[WhiteElo "2181"]
[BlackElo "2075"]
[PlyCount "48"]
[EventDate "2025.06.14"]
[EventType "team-swiss"]
[EventRounds "9"]
[EventCountry "POL"]
[SourceTitle "CB26_2025"]
[SourceDate "2025.06.25"]
[SourceVersion "1"]
[SourceVersionDate "2025.06.25"]
[SourceQuality "1"]
[WhiteTeam "Wodzisław Slaski"]
[BlackTeam "Czternastka Warszawa II"]
[WhiteTeamCountry "POL"]
[BlackTeamCountry "POL"]

1. Nf3 d5 2. b3 Bf5 3. Bb2 e6 4. e3 Nd7 5. Be2 h6 6. 0-0 Ngf6 7. d4 Bd6 8. c4 c6 9. Nbd2 0-0 10. Ne5 Qc7 11. f4 Ne4 12. Nxe4 Bxe4 13. Bf3 Bh7 14. Rc1 Nf6 15. Qe1 Qe7 16. Qh4 Ne4 17. Qxe7 Bxe7 18. Rfd1 Rfd8 19. Bh5 f6 20. Nd3 Rdc8 21. Bg4 Kf7 22. Bh5+ Kg8 23. Bg4 Kf7 24. Bh5+ Kg8 1/2-1/2

[Event "POL-chT U20 1st League"]
[Site "Chotowa"]
[Date "2025.06.17"]
[Round "4.19"]
[White "Szymkiewicz, Witold"]
[Black "Wandor, Adam"]
[Result "1/2-1/2"]
[WhiteElo "2075"]
[BlackElo "1851"]
[PlyCount "115"]
[EventDate "2025.06.14"]
[EventType "team-swiss"]
[EventRounds "9"]
[EventCountry "POL"]
[SourceTitle "CB26_2025"]
[SourceDate "2025.06.25"]
[SourceVersion "1"]
[SourceVersionDate "2025.06.25"]
[SourceQuality "1"]
[WhiteTeam "Czternastka Warszawa II"]
[BlackTeam "Czestochowa Hetman"]
[WhiteTeamCountry "POL"]
[BlackTeamCountry "POL"]

1. d4 Nf6 2. c4 e6 3. Nf3 d5 4. e3 Bb4+ 5. Bd2 Bxd2+ 6. Qxd2 Ne4 7. Qc2 c6 8. Bd3 f5 9. 0-0 0-0 10. cxd5 exd5 11. Ne5 Nd7 12. f3 Nxe5 13. dxe5 Ng5 14. Nc3 Qb6 15. Rae1 g6 16. Kh1 Nf7 17. f4 Kg7 18. Ne2 Nd8 19. g4 c5 20. Qc3 Qc6 21. Kg1 fxg4 22. f5 Bxf5 23. e6+ d4 24. exd4 Qxe6 25. Ng3 cxd4 26. Bxf5 dxc3 27. Bxe6 Rxf1+ 28. Nxf1 Nxe6 29. Rxe6 Kf7 30. Re3 cxb2 31. Rb3 b6 32. Rxb2 Re8 33. Kf2 h5 34. Rc2 Re7 35. Rc6 Kg7 36. Ne3 Rf7+ 37. Ke2 Kh6 38. Nd5 Rf5 39. Rd6 Kg5 40. Nc3 Kh4 41. Rxg6 Kh3 42. Rh6 Kxh2 43. Nd1 Kg1 44. Ne3 Ra5 45. a3 Re5 46. Rh7 a5 47. a4 b5 48. axb5 Rxb5 49. Rg7 Rb2+ 50. Kd3 a4 51. Rg5 a3 52. Nxg4 Rg2 53. Rxh5 Rxg4 54. Ra5 Kf1 55. Kc3 Rg3+ 56. Kb4 Ke2 57. Rxa3 Rxa3 58. Kxa3 1/2-1/2

[Event "Lienz op 22nd"]
[Site "Lienz"]
[Date "2025.02.10"]
[Round "4"]
[White "Szymkiewicz, Witold"]
[Black "Mazi, Leon"]
[Result "1/2-1/2"]
[WhiteElo "2045"]
[BlackElo "2315"]
[PlyCount "99"]
[EventDate "2025.02.08"]
[EventType "swiss"]
[EventRounds "9"]
[EventCountry "AUT"]
[SourceTitle "CB08_2025"]
[SourceDate "2025.02.19"]
[SourceVersion "1"]
[SourceVersionDate "2025.02.19"]
[SourceQuality "1"]

1. d4 Nf6 2. c4 d6 3. Nc3 e5 4. dxe5 dxe5 5. Qxd8+ Kxd8 6. Bg5 c6 7. Nf3 Nbd7 8. 0-0-0 Kc7 9. a3 Be7 10. h3 Re8 11. e3 Bf8 12. Be2 a5 13. g4 a4 14. Bh4 Ng8 15. Bg3 h6 16. Bd3 Ra5 17. Rhe1 Nb6 18. Nd2 Be6 19. f4 Nf6 20. f5 Bc8 21. Be2 Nfd7 22. Nde4 Nc5 23. Kc2 Bd7 24. Rf1 f6 25. h4 Be7 26. h5 Rd8 27. Bh2 Raa8 28. Bg1 Be8 29. Nxc5 Bxc5 30. Ne4 Be7 31. Rxd8 Rxd8 32. Rd1 Ra8 33. Bf2 Bf7 34. Kc3 Nd7 35. Bg1 Nc5 36. Nxc5 Bxc5 37. e4 Bxg1 38. Rxg1 c5 39. Rd1 Be8 40. Rd2 Bc6 41. Bd3 Rd8 42. Re2 Rd4 43. Re1 Kb6 44. Kd2 Ka5 45. Re3 b5 46. Kc3 b4+ 47. Kd2 Be8 48. Re1 Bf7 49. Rc1 b3 50. Ke3 1/2-1/2

[Event "Polanica Zdroj op 60th"]
[Site "Polanica Zdroj"]
[Date "2024.08.21"]
[Round "5"]
[White "Rog, Bartlomiej"]
[Black "Szymkiewicz, Witold"]
[Result "1-0"]
[WhiteElo "2247"]
[BlackElo "2100"]
[PlyCount "111"]
[EventDate "2024.08.17"]
[EventType "swiss"]
[EventRounds "9"]
[EventCountry "POL"]
[SourceTitle "CBM 221 Extra"]
[Source "ChessBase"]
[SourceDate "2024.09.30"]
[SourceVersion "1"]
[SourceVersionDate "2024.09.30"]
[SourceQuality "1"]

1. e4 e5 2. Nf3 Nc6 3. Bb5 a6 4. Ba4 Nf6 5. 0-0 d6 6. Re1 b5 7. Bb3 Be7 8. a4 Bg4 9. c3 0-0 10. d3 Qd7 11. Nbd2 Rfe8 12. h3 Be6 13. Bxe6 fxe6 14. Qb3 Na5 15. Qa2 bxa4 16. b4 Nb7 17. Qc2 c5 18. Rxa4 cxb4 19. cxb4 Qb5 20. Nc4 Rac8 21. Qa2 d5 22. Ncxe5 Bxb4 23. Bd2 Bxd2 24. Nxd2 dxe4 25. Ndc4 exd3 26. Nxd3 Qd5 27. Nf4 Qf5 28. Ne5 h5 29. Ned3 Nd5 30. Re5 Qf7 31. Nxd5 exd5 32. Rf4 Qd7 33. Rxd5 Qe6 34. Rff5 Nd6 35. Rfe5 Qf7 36. Qxa6 Rxe5 37. Rxe5 Rd8 38. Qb6 Qf8 39. Rxh5 Nf7 40. Qb3 Rb8 41. Rb5 Rxb5 42. Qxb5 Qa8 43. Qc4 Qa3 44. f4 Kh8 45. Kh2 Nd6 46. Qd5 Kh7 47. Nc5 Nf7 48. Ne4 Qe7 49. Nc5 Nd8 50. Qf5+ Kh6 51. Ne4 g6 52. Qd5 Ne6 53. Qe5 Qf7 54. Qh8+ Qh7 55. Qxh7+ Kxh7 56. Ng5+ 1-0

[Event "Warsaw Najdorf Memorial op-A"]
[Site "Warsaw"]
[Date "2024.07.17"]
[Round "9"]
[White "Szymkiewicz, Witold"]
[Black "Sanz Losada, Victoriano"]
[Result "1-0"]
[WhiteElo "2054"]
[BlackElo "2002"]
[PlyCount "75"]
[EventDate "2024.07.09"]
[EventType "swiss"]
[EventRounds "9"]
[EventCountry "POL"]
[SourceTitle "EXT 2025"]
[Source "ChessBase"]
[SourceDate "2024.10.14"]
[SourceVersion "1"]
[SourceVersionDate "2024.10.14"]
[SourceQuality "1"]

1. d4 Nf6 2. c4 g6 3. Nc3 Bg7 4. e4 d6 5. h3 0-0 6. Be3 Na6 7. Nf3 c5 8. d5 Nc7 9. Bd3 Rb8 10. Qd2 a6 11. a4 e6 12. 0-0 exd5 13. exd5 b5 14. axb5 axb5 15. b3 Ba6 16. Rab1 Qd7 17. Bh6 bxc4 18. Bxg7 Kxg7 19. bxc4 Rb4 20. Rxb4 cxb4 21. Na2 b3 22. Nc3 Rb8 23. Qb2 Kg8 24. Ra1 Nfxd5 25. Nxd5 Nxd5 26. Qd4 Nb4 27. Ne5 Qe6 28. Ng4 Nxd3 29. Nh6+ Kf8 30. Qh8+ Ke7 31. Qxb8 Nc5 32. Ng8+ Kd7 33. Qa7+ Bb7 34. Qb6 f5 35. Rd1 Be4 36. Qxc5 Bc2 37. Qb5+ Kc7 38. Ra1 1-0

[Event "Warsaw Najdorf Memorial op-A"]
[Site "Warsaw"]
[Date "2024.07.16"]
[Round "8"]
[White "Zaninotto, Franco"]
[Black "Szymkiewicz, Witold"]
[Result "1/2-1/2"]
[WhiteElo "1961"]
[BlackElo "2054"]
[PlyCount "181"]
[EventDate "2024.07.09"]
[EventType "swiss"]
[EventRounds "9"]
[EventCountry "POL"]
[SourceTitle "EXT 2025"]
[Source "ChessBase"]
[SourceDate "2024.10.14"]
[SourceVersion "1"]
[SourceVersionDate "2024.10.14"]
[SourceQuality "1"]

1. e4 e6 2. d4 d5 3. Nd2 Nf6 4. e5 Nfd7 5. c3 c5 6. Bd3 Nc6 7. Ne2 Be7 8. 0-0 cxd4 9. cxd4 Qb6 10. Nf3 f6 11. Nf4 Nf8 12. exf6 gxf6 13. a3 Bd7 14. b4 Rg8 15. Re1 a6 16. Rb1 Na7 17. a4 Qd6 18. b5 axb5 19. axb5 Nc8 20. g3 Nb6 21. Qe2 Ra4 22. Qc2 h6 23. Ng6 Nxg6 24. Bxg6+ Kd8 25. Bf4 e5 26. dxe5 fxe5 27. Nxe5 Rxf4 28. gxf4 Be8 29. f5 Bf6 30. Qe2 Nd7 31. Nxd7 Bxg6 32. fxg6 Rxg6+ 33. Kh1 Qxd7 34. Qf3 d4 35. b6 Be7 36. Red1 Bc5 37. Qe4 Rf6 38. Rg1 Qf7 39. Rg2 Bxb6 40. Rbg1 Qe6 41. Rg8+ Kc7 42. R8g7+ Kd6 43. Qg2 d3 44. Qg3+ Kc5 45. Rc1+ Kb4 46. Rg4+ Ka5 47. Ra1+ Kb5 48. Qxd3+ Kc6 49. f3 Bc5 50. Kg2 Qe5 51. Rb1 b6 52. Qb5+ Kc7 53. Rg7+ Kb8 54. Rd1 Rd6 55. Rxd6 Qxg7+ 56. Kh3 Bxd6 57. Qxb6+ Ka8 58. Qxd6 Qf7 59. f4 h5 60. Qe5 Qd7+ 61. f5 Qd3+ 62. Kh4 Qf3 63. Kg5 Qg4+ 64. Kh6 Qg8 65. Kxh5 Qh7+ 66. Kg5 Qg8+ 67. Kf4 Qh7 68. Ke4 Qh4+ 69. Kd5 Qd8+ 70. Qd6 Qg8+ 71. Ke5 Qh8+ 72. Ke6 Qg8+ 73. Ke5 Qh8+ 74. f6 Qxh2+ 75. Ke6 Qh6 76. Qd5+ Ka7 77. Qd7+ Kb6 78. Ke7 Qg5 79. Qe6+ Kc7 80. Ke8 Qb5+ 81. Kf8 Qb2 82. Qe7+ Kc8 83. Kf7 Qd2 84. Kg8 Qg5+ 85. Qg7 Qd5+ 86. f7 Kd7 87. Qg6 Ke7 88. Kg7 Qe5+ 89. Kg8 Qb8+ 90. Kh7 Qf8 91. Qe4+ 1/2-1/2

[Event "Warsaw Najdorf Memorial op-A"]
[Site "Warsaw"]
[Date "2024.07.12"]
[Round "4"]
[White "Sriram, Jha"]
[Black "Szymkiewicz, Witold"]
[Result "1-0"]
[WhiteElo "2304"]
[BlackElo "2054"]
[PlyCount "73"]
[EventDate "2024.07.09"]
[EventType "swiss"]
[EventRounds "9"]
[EventCountry "POL"]
[SourceTitle "EXT 2025"]
[Source "ChessBase"]
[SourceDate "2024.10.14"]
[SourceVersion "1"]
[SourceVersionDate "2024.10.14"]
[SourceQuality "1"]

1. Nf3 d5 2. g3 Nf6 3. Bg2 c5 4. 0-0 Nc6 5. d4 Bg4 6. Ne5 cxd4 7. Nxg4 Nxg4 8. c3 e6 9. cxd4 Bb4 10. e4 Nf6 11. e5 Nd7 12. Qg4 Kf8 13. Nc3 h5 14. Qf4 Rc8 15. Be3 Nb6 16. Ne2 Nc4 17. b3 Nb2 18. a3 g5 19. Qf6 Qxf6 20. exf6 Ba5 21. Rab1 Nd3 22. b4 Ndxb4 23. axb4 Bxb4 24. Bxg5 Kg8 25. Nf4 a5 26. Nd3 Bc3 27. Rxb7 Nxd4 28. Rfb1 Nc6 29. Nc5 Ne5 30. Na4 Bb4 31. Bf4 Nd3 32. Bc7 Kh7 33. Bf1 Ne1 34. Be2 Kg6 35. Nb6 Kxf6 36. Nxc8 Rxc8 37. Rc1 1-0

[Event "Warsaw Najdorf Memorial op-A"]
[Site "Warsaw"]
[Date "2024.07.09"]
[Round "1"]
[White "Szymkiewicz, Witold"]
[Black "Romanishin, Oleg M"]
[Result "1/2-1/2"]
[WhiteElo "2054"]
[BlackElo "2331"]
[PlyCount "89"]
[EventDate "2024.07.09"]
[EventType "swiss"]
[EventRounds "9"]
[EventCountry "POL"]
[SourceTitle "EXT 2025"]
[Source "ChessBase"]
[SourceDate "2024.10.14"]
[SourceVersion "1"]
[SourceVersionDate "2024.10.14"]
[SourceQuality "1"]

1. d4 Nf6 2. Nf3 g6 3. c4 d6 4. Nc3 Bf5 5. Nh4 Bd7 6. e4 e5 7. Nf3 exd4 8. Nxd4 Bg7 9. Be2 Nc6 10. Be3 0-0 11. 0-0 Re8 12. f3 Nh5 13. f4 Nf6 14. Bf3 Na5 15. Qd3 Bg4 16. Rae1 Bxf3 17. Rxf3 Ng4 18. Bd2 c6 19. b4 c5 20. Ndb5 Nc6 21. h3 Nxb4 22. Qxd6 a6 23. hxg4 axb5 24. Nxb5 Rxa2 25. Qxd8 Rxd8 26. Be3 Nc2 27. Re2 Ra1+ 28. Kf2 Nxe3 29. Rfxe3 Rc1 30. e5 Rxc4 31. g3 Bf8 32. Rb3 Rb4 33. Rxb4 cxb4 34. Rb2 Rd3 35. Nd6 b3 36. Ne4 Ba3 37. Ke2 Rxg3 38. Rb1 Rh3 39. Nf2 Rc3 40. Ne4 Rc4 41. Kd3 Rb4 42. Nf6+ Kg7 43. Nd5 Rb5 44. Nc3 Rb6 45. Nd5 1/2-1/2